• 首页
  • 本馆介绍
  • 公告通知
  • 最新文献
  • 馆藏检索
  • 电子资源
  • 读者导购
  • 参考咨询
  • 我的图书馆
  • 登录
  • 详细信息显示
  • 放入我的书架
  • 预约/预借图书
  • 作者相关作品
  • 分类相关作品
  • 丛书相关作品
  • 出版社相关作品

书目信息

  • 表格格式
  • 工作单格式
  • 卡片格式
题名:
中药提取工艺与设备
    
 
作者: 卢晓江 主编
分册:  
出版信息: 北京   化学工业出版社  2004
页数: 185页
开本: 24cm
丛书名:
单 册:
中图分类: R284.2
科图分类:
主题词: 中药化学成分--提取 , 中药化学成分 , 提取
电子资源:
ISBN: 7-5025-6103-X
000 00886nam0 2200253 450
001 012007381846
005 20070517105105.84
010    @a7-5025-6103-X@dCNY28.00
100    @a20070509d2004 km y0chiy0120 ea
101 0  @achi
102    @aCN@b110000
105    @ay z 000yy
106    @ar
200 1  @a中药提取工艺与设备@Azhong yao ti qu gong yi yu she bei@f卢晓江主编@Flu xiao jiang zhu bian
210    @a北京@c化学工业出版社@d2004
215    @a185页@d24cm
330    @a本书系统地论述了中药提取过程的工艺原理和有关计算,介绍了各类提取工艺方法、工艺流程和主要设备的特点与应用,以及一些新方法、新工艺和新装置,并结合生产实际和GMP要求,对典型提取工艺、设备配置及相关技术
606 0  @a中药化学成分@x提取
606 0  @a中药化学成分
606 0  @a提取
690    @aR284.2@v4
701  0 @a卢晓江@Alu xiao jiang@4主编
801  0 @aCN@bRULIN@c20070517
905    @dR284.2@e207@s8
    
    中药提取工艺与设备/卢晓江主编.-北京:化学工业出版社,2004
    185页;24cm
    
    
    ISBN 7-5025-6103-X:CNY28.00
    本书系统地论述了中药提取过程的工艺原理和有关计算,介绍了各类提取工艺方法、工艺流程和主要设备的特点与应用,以及一些新方法、新工艺和新装置,并结合生产实际和GMP要求,对典型提取工艺、设备配置及相关技术
●
相关链接 在E读中查询图书 在五车中查询图书 在当当中查询图书 在豆瓣中查询图书


正题名:中药提取工艺与设备     索取号:R284.2/207         预约/预借

序号 登录号 条形码 馆藏地/架位号 状态 备注
1 0578507   205785079   第二样本阅览室/ [索取号:R284.2/207] 在馆    
2 0578508   205785088   第三借阅区/ [索取号:R284.2/207] 在馆    
3 0578509   205785097   第三借阅区/ [索取号:R284.2/207] 在馆    
4 0578510   205785104   教育系资料室/ [索取号:R284.2/207] 在馆    
5 0578511   205785113   第三借阅区/ [索取号:R284.2/207] 在馆    
6 0578512   205785122   教育系资料室/ [索取号:R284.2/207] 在馆    
7 0578513   205785131   教育系资料室/ [索取号:R284.2/207] 在馆    
8 0578514   205785140   第三借阅区/ [索取号:R284.2/207] 在馆    
唐山师范学院图书馆 欢迎您!
大连网信软件有限公司© 版权所有